Central Library OPAC University of Rajshahi

Understanding democratic politics : (Record no. 47757)

MARC details
000 -LEADER
fixed length control field 01029nam a2200289 a 4500
001 - CONTROL NUMBER
control field 47757
003 - CONTROL NUMBER IDENTIFIER
rucl marc code BD-RjUL
005 - DATE AND TIME OF LATEST TRANSACTION
control field 20211209054404.0
008 - FIXED-LENGTH DATA ELEMENTS--GENERAL INFORMATION
fixed length control field 160810s2003 enka b 001 0 eng
020 ## - INTERNATIONAL STANDARD BOOK NUMBER
International Standard Book Number 0761971823
International Standard Book Number 0761971831 (pbk)
035 ## - SYSTEM CONTROL NUMBER
System control number (BD-RjUL)47876
040 ## - CATALOGING SOURCE
Original cataloging agency UKM
Transcribing agency UKM
Modifying agency BD-RjUL
Language of cataloging eng
041 ## - LANGUAGE CODE
Language code of text/sound track or separate title eng
082 00 - DEWEY DECIMAL CLASSIFICATION NUMBER
Classification number 321.8
Edition number 23
Author mark and year UND 2003
245 00 - TITLE STATEMENT
Title Understanding democratic politics :
Remainder of title an introduction /
Statement of responsibility, etc. Roland Axtmann.
260 ## - PUBLICATION, DISTRIBUTION, ETC. (IMPRINT)
Place of publication, distribution, etc. London ;
-- Thousand Oaks, Calif. :
Name of publisher, distributor, etc. SAGE,
Date of publication, distribution, etc. 2003
300 ## - PHYSICAL DESCRIPTION
Pagination xi, 339 p. ;
Size 25 cm.
504 ## - BIBLIOGRAPHY, ETC. NOTE
Bibliography, etc Includes bibliographical references and index.
650 #0 - SUBJECT ADDED ENTRY--TOPICAL TERM
Topical term or geographic name as entry element Democracy
Form subdivision Textbooks.
9 (RLIN) 145037
Topical term or geographic name as entry element Political science
Form subdivision Textbooks.
9 (RLIN) 145038
Topical term or geographic name as entry element Ideology
Form subdivision Textbooks.
9 (RLIN) 145039
700 1# - ADDED ENTRY--PERSONAL NAME
Personal name Axtmann, Roland.
856 42 - ELECTRONIC LOCATION AND ACCESS
Materials specified Publisher description
Uniform Resource Identifier <a href="http://www.loc.gov/catdir/enhancements/fy0657/2002106570-d.html">http://www.loc.gov/catdir/enhancements/fy0657/2002106570-d.html</a>
Materials specified Table of contents only
Uniform Resource Identifier <a href="http://www.loc.gov/catdir/enhancements/fy0657/2002106570-t.html">http://www.loc.gov/catdir/enhancements/fy0657/2002106570-t.html</a>
942 ## - ADDED ENTRY ELEMENTS (KOHA)
Source of classification or shelving scheme Dewey Decimal Classification
Koha item type Books
Holdings
Lost status Source of classification or shelving scheme Damaged status Not for loan Collection code Permanent Location Current Location Shelving location Date acquired Source of acquisition Cost, normal purchase price Total Checkouts Full call number Date last seen Copy number Koha item type
  Dewey Decimal Classification     Non-fiction Central Library, University of Rajshahi Central Library, University of Rajshahi   16/04/2006 Dhaka pragon enterprise 19.99   321.8 UND 2003 10/08/2016 C-2 Books
  Dewey Decimal Classification   Not For Loan Non-fiction Central Library, University of Rajshahi Central Library, University of Rajshahi Reading Room 16/04/2006 Dhaka,Paragon Enterprise Lit., 19.99   321.8 UND 2003 17/12/2016 C-1 Books